<?xml version="1.0" encoding="UTF-8"?>
<record
    xmlns:xsi="http://www.w3.org/2001/XMLSchema-instance"
    xsi:schemaLocation="http://www.loc.gov/MARC21/slim http://www.loc.gov/standards/marcxml/schema/MARC21slim.xsd"
    xmlns="http://www.loc.gov/MARC21/slim">

  <leader>01398nam a22002897a 4500</leader>
  <datafield tag="999" ind1=" " ind2=" ">
    <subfield code="c">121190</subfield>
    <subfield code="d">121190</subfield>
  </datafield>
  <controlfield tag="003">dpl</controlfield>
  <controlfield tag="005">20200111113828.0</controlfield>
  <controlfield tag="008">180628b        xxu||||| |||| 00| 0 eng d</controlfield>
  <datafield tag="010" ind1=" " ind2=" ">
    <subfield code="a">B-245047, B-245060</subfield>
  </datafield>
  <datafield tag="020" ind1=" " ind2=" ">
    <subfield code="c">200.00</subfield>
    <subfield code="a">8188536199</subfield>
  </datafield>
  <datafield tag="035" ind1=" " ind2=" ">
    <subfield code="a">B-245047, B-245072, B-245060,  B-245086</subfield>
  </datafield>
  <datafield tag="037" ind1=" " ind2=" ">
    <subfield code="b">Cen Lib/Ret</subfield>
  </datafield>
  <datafield tag="040" ind1=" " ind2=" ">
    <subfield code="a">DPL</subfield>
    <subfield code="b">HN</subfield>
    <subfield code="c">0</subfield>
  </datafield>
  <datafield tag="082" ind1=" " ind2=" ">
    <subfield code="a">616.462</subfield>
    <subfield code="b">&#x91A;&#x91F;&#x930;&#x94D;&#x91C;&#x940;</subfield>
  </datafield>
  <datafield tag="100" ind1=" " ind2=" ">
    <subfield code="a">&#x91A;&#x91F;&#x930;&#x94D;&#x91C;&#x940;, &#x938;&#x941;&#x91A;&#x93F;&#x924;&#x94D;&#x930;&#x93E; &#x935;&#x940;.</subfield>
    <subfield code="9">85688</subfield>
  </datafield>
  <datafield tag="245" ind1=" " ind2=" ">
    <subfield code="a">&#x921;&#x93E;&#x92F;&#x92C;&#x93F;&#x91F;&#x940;&#x91C;&#x93C; &#x914;&#x930; &#x917;&#x920;&#x93F;&#x92F;&#x93E; :</subfield>
    <subfield code="c">&#x938;&#x941;&#x91A;&#x93F;&#x924;&#x94D;&#x930;&#x93E; &#x935;&#x940;.&#x91A;&#x91F;&#x930;&#x94D;&#x91C;&#x940; [&#x914;&#x930;] &#x92E;&#x943;&#x926;&#x941;&#x932;&#x93E; &#x936;&#x930;&#x94D;&#x92E;&#x93E; </subfield>
    <subfield code="b">&#x930;&#x94B;&#x917; &#x914;&#x930; &#x909;&#x92A;&#x91A;&#x93E;&#x930; /</subfield>
  </datafield>
  <datafield tag="246" ind1=" " ind2=" ">
    <subfield code="a">Diabetes aur gathiya : rog aur upchar /</subfield>
    <subfield code="b">by Suchitra V.Chaterjee [aur] Mridula Sharma </subfield>
  </datafield>
  <datafield tag="260" ind1=" " ind2=" ">
    <subfield code="a">&#x926;&#x93F;&#x932;&#x94D;&#x932;&#x940; </subfield>
    <subfield code="b">&#x917;&#x941;&#x930;&#x941;&#x915;&#x941;&#x932; &#x935;&#x93F;&#x926;&#x94D;&#x92F;&#x93E;&#x92A;&#x940;&#x920; &#x92A;&#x94D;&#x930;&#x915;&#x93E;&#x936;&#x928; </subfield>
    <subfield code="c">2008</subfield>
  </datafield>
  <datafield tag="270" ind1=" " ind2=" ">
    <subfield code="a">&#x938;&#x940;-9/96, &#x92F;&#x92E;&#x941;&#x928;&#x93E; &#x935;&#x93F;&#x939;&#x93E;&#x930; </subfield>
    <subfield code="b">&#x926;&#x93F;&#x932;&#x94D;&#x932;&#x940; </subfield>
    <subfield code="e">110053</subfield>
  </datafield>
  <datafield tag="300" ind1=" " ind2=" ">
    <subfield code="a">144&#x92A;&#x943;. :</subfield>
    <subfield code="c">20&#x938;&#x947;&#x92E;&#x940;(&#x938;&#x91C;&#x93F;&#x932;&#x94D;&#x926;)</subfield>
    <subfield code="b">&#x938;&#x91A;&#x93F;&#x924;&#x94D;&#x930; </subfield>
  </datafield>
  <datafield tag="650" ind1=" " ind2=" ">
    <subfield code="a">&#x92E;&#x927;&#x941;&#x92E;&#x947;&#x939; -- &#x909;&#x92A;&#x91A;&#x93E;&#x930; </subfield>
    <subfield code="9">95444</subfield>
  </datafield>
  <datafield tag="650" ind1=" " ind2=" ">
    <subfield code="a">&#x917;&#x920;&#x93F;&#x92F;&#x93E; -- &#x909;&#x92A;&#x91A;&#x93E;&#x930; </subfield>
    <subfield code="9">95445</subfield>
  </datafield>
  <datafield tag="650" ind1=" " ind2=" ">
    <subfield code="a">Diabetes - Treatment</subfield>
    <subfield code="9">91408</subfield>
  </datafield>
  <datafield tag="650" ind1=" " ind2=" ">
    <subfield code="a">Arthritis - Treatment</subfield>
    <subfield code="9">95446</subfield>
  </datafield>
  <datafield tag="700" ind1=" " ind2=" ">
    <subfield code="a">&#x936;&#x930;&#x94D;&#x92E;&#x93E;, &#x92E;&#x943;&#x926;&#x941;&#x932;&#x93E; </subfield>
    <subfield code="9">95447</subfield>
  </datafield>
  <datafield tag="942" ind1=" " ind2=" ">
    <subfield code="2">ddc</subfield>
    <subfield code="c">HN</subfield>
    <subfield code="h">616.462</subfield>
    <subfield code="m">&#x91A;&#x91F;&#x930;&#x94D;&#x91C;&#x940;</subfield>
  </datafield>
  <datafield tag="952" ind1=" " ind2=" ">
    <subfield code="0">0</subfield>
    <subfield code="1">0</subfield>
    <subfield code="4">0</subfield>
    <subfield code="7">1</subfield>
    <subfield code="8">REF</subfield>
    <subfield code="a">L</subfield>
    <subfield code="b">L</subfield>
    <subfield code="d">2015-10-03</subfield>
    <subfield code="e">Cen Lib/Ret</subfield>
    <subfield code="g">200.00</subfield>
    <subfield code="l">0</subfield>
    <subfield code="o">616.462 &#x91A;&#x91F;&#x930;&#x94D;&#x91C;&#x940;</subfield>
    <subfield code="p">B-245047</subfield>
    <subfield code="r">2015-10-03 00:00:00</subfield>
    <subfield code="t">1</subfield>
    <subfield code="v">200.00</subfield>
    <subfield code="w">2015-10-03</subfield>
    <subfield code="y">HN</subfield>
  </datafield>
  <datafield tag="952" ind1=" " ind2=" ">
    <subfield code="0">0</subfield>
    <subfield code="1">0</subfield>
    <subfield code="2">ddc</subfield>
    <subfield code="4">0</subfield>
    <subfield code="7">-1</subfield>
    <subfield code="8">NFIC</subfield>
    <subfield code="a">ZLS</subfield>
    <subfield code="b">ZLS</subfield>
    <subfield code="c">DISPLAY</subfield>
    <subfield code="d">2017-01-30</subfield>
    <subfield code="l">0</subfield>
    <subfield code="o">616.462 &#x91A;&#x91F;&#x930;&#x94D;&#x91C;&#x940;</subfield>
    <subfield code="p">B-245078</subfield>
    <subfield code="r">2017-01-30 00:00:00</subfield>
    <subfield code="t">1</subfield>
    <subfield code="v">200.00</subfield>
    <subfield code="w">2017-01-30</subfield>
    <subfield code="y">HN</subfield>
  </datafield>
  <datafield tag="952" ind1=" " ind2=" ">
    <subfield code="0">0</subfield>
    <subfield code="1">0</subfield>
    <subfield code="2">ddc</subfield>
    <subfield code="4">0</subfield>
    <subfield code="7">0</subfield>
    <subfield code="8">NFIC</subfield>
    <subfield code="a">BL4</subfield>
    <subfield code="b">BL4</subfield>
    <subfield code="d">2018-06-28</subfield>
    <subfield code="e">BPPD/PUB</subfield>
    <subfield code="g">200.00</subfield>
    <subfield code="l">3</subfield>
    <subfield code="o">616.462 &#x91A;&#x91F;&#x930;&#x94D;&#x91C;&#x940;</subfield>
    <subfield code="p">B-245072</subfield>
    <subfield code="r">2021-03-17 00:00:00</subfield>
    <subfield code="s">2021-03-16</subfield>
    <subfield code="v">200.00</subfield>
    <subfield code="w">2018-06-28</subfield>
    <subfield code="y">HN</subfield>
  </datafield>
  <datafield tag="952" ind1=" " ind2=" ">
    <subfield code="0">0</subfield>
    <subfield code="1">0</subfield>
    <subfield code="2">ddc</subfield>
    <subfield code="4">0</subfield>
    <subfield code="7">0</subfield>
    <subfield code="8">NFIC</subfield>
    <subfield code="a">RKP</subfield>
    <subfield code="b">RKP</subfield>
    <subfield code="d">2019-08-19</subfield>
    <subfield code="e">BPPD/Purchase</subfield>
    <subfield code="g">200.00</subfield>
    <subfield code="l">1</subfield>
    <subfield code="o">616.462 &#x91A;&#x91F;&#x930;&#x94D;&#x91C;&#x940;</subfield>
    <subfield code="p">B-245060</subfield>
    <subfield code="r">2019-08-28 00:00:00</subfield>
    <subfield code="s">2019-08-19</subfield>
    <subfield code="t">1</subfield>
    <subfield code="v">200.00</subfield>
    <subfield code="w">2019-08-19</subfield>
    <subfield code="y">HN</subfield>
  </datafield>
  <datafield tag="952" ind1=" " ind2=" ">
    <subfield code="0">0</subfield>
    <subfield code="1">0</subfield>
    <subfield code="2">ddc</subfield>
    <subfield code="4">0</subfield>
    <subfield code="7">0</subfield>
    <subfield code="8">NFIC</subfield>
    <subfield code="a">RC4</subfield>
    <subfield code="b">RC4</subfield>
    <subfield code="d">2020-01-11</subfield>
    <subfield code="e">BPPD/PUB</subfield>
    <subfield code="g">200.00</subfield>
    <subfield code="l">1</subfield>
    <subfield code="o">616.462 &#x91A;&#x91F;&#x930;&#x94D;&#x91C;&#x940;</subfield>
    <subfield code="p">B-245086</subfield>
    <subfield code="r">2020-01-20 00:00:00</subfield>
    <subfield code="s">2020-01-11</subfield>
    <subfield code="v">200.00</subfield>
    <subfield code="w">2020-01-11</subfield>
    <subfield code="y">HN</subfield>
  </datafield>
</record>
